Serbia Country Quiz - Statistics

General Stats
  • This quiz has been taken 35,096 times
    33,934 since last reset
  • The average score is 12 of 15
Answer Stats
Hint Answer % Correct
Capital city Belgrade
96%
Former country which consisted of Serbia, Croatia, Bosnia, and others Yugoslavia
95%
Disputed region which declared independence in 2008 Kosovo
92%
The capital is built on the confluence of these two rivers Danube
91%
Country with which Serbia shares its longest border Romania
87%
Peninsula on which Serbia lies Balkan Peninsula
86%
International organization which bombed Serbia in 1999 NATO
84%
In 1914, a Bosnian Serb named Gavrilo Princip caused a bit of trouble when he assassinated this royal heir Franz Ferdinand
80%
Serbian inventor who helped make A/C power a reality Nikola Tesla
80%
Tennis player ranked #1 in the world as of 2020 Novak Djokovic
79%
"Benevolent dictator" who ruled that country from 1953–1980 Josip Broz Tito
75%
Sport played by Vlade Divac and Nikola Jokić Basketball
70%
Second largest city, its name means "new orchard" Novi Sad
62%
Currency Serbian dinar
57%
The capital is built on the confluence of these two rivers Sava
47%
No matching quizzes found
Score Distribution
Percent of People with Each Score
Percentile by Number Answered
Your Score History
You have not taken this quiz since the last reset